Normal view
MARC view
Entry Corporate Name
001 - CONTROL NUMBER
- control field: 64733
003 - CONTROL NUMBER IDENTIFIER
- control field: BI-BuBU
005 - DATE AND TIME OF LATEST TRANSACTION
- control field: 20130114163108.0
008 - FIXED-LENGTH DATA ELEMENTS
- fixed length control field: 130114|||a|||||| | ||| d
040 ## - CATALOGING SOURCE
- Original cataloging agency: BI-BuBU
- Transcribing agency: BI-BuBU
110 ## - HEADING--CORPORATE NAME
- Corporate name or jurisdiction name as entry element: Université du Burundi
- Subordinate unit: Institut de Pédagogie Appliquée
670 ## - SOURCE DATA FOUND
- Source citation: Work cat.: (BI-BuBU): aut Miburo, Jean-Baptiste 64730, Contribution à l'étude de l'impact de la pollution des eaux de la rivière Kamenge sur celle de la rivière Ntahangwa, 2009
670 ## - SOURCE DATA FOUND
- Source citation: Work cat.: (BI-BuBU): aut Miburo, Jean-Baptiste 64730, Contribution à l'étude de l'impact de la pollution des eaux de la rivière Kamenge sur celle de la rivière Ntahangwa, 2009